| 000 | 00000nam##2200000za#4500 |
| 001 | 9.643552 |
| 003 | CaOODSP |
| 005 | 20210624224224 |
| 007 | cr ||||||||||| |
| 008 | 150407|2003||||xxc|||||o f|0| 0 fre|d |
| 040 | |aCaOODSP|bfre |
| 043 | |an-cn--- |
| 086 | 1 |aH164-178/2003F-PDF |
| 110 | 1 |aCanada. |bDirection générale des produits de santé et des aliments. |
| 245 | 10|aDirection des aliments, Direction générale des produits de santé et des aliments - premier rapport annuel sur les priorités et les réalisations du programme, 2003-2004 |h[ressource électronique] |
| 260 | |aOttawa - Ontario : |bSanté Canada. |cDécembre 2003. |
| 300 | |a15p.|btableaux |
| 590 | |a14-14-Supp|b2014-07-24 |
| 775 | 08|tFood Directorate, Health Products and Food Branch - first annual report on program priorities & achievements, 2003-2004 |w(CaOODSP)9.699434 |
| 856 | 40|ahttp://publications.gc.ca|qPDF|s51 Ko|uhttps://publications.gc.ca/collections/collection_2014/sc-hc/H164-178-2003-fra.pdf |